مكتبة جامعة عجلون الوطنية

فهرس بحث المكتبة

Normal view MARC view
  • الجنسية المزدوجة-التشريع الاردني

Entry Topical Term

Number of records used in: 1

001 - CONTROL NUMBER

  • control field: 61233

003 - CONTROL NUMBER IDENTIFIER

  • control field: JO-AjAnu

005 - DATE AND TIME OF LATEST TRANSACTION

  • control field: 20230606084015.0

008 - FIXED-LENGTH DATA ELEMENTS

  • fixed length control field: 230606|| aca||aabn | a|a d

040 ## - CATALOGING SOURCE

  • Original cataloging agency: JO-AjAnu
  • Transcribing agency: JO-AjAnu

150 ## - HEADING--TOPICAL TERM

  • Topical term or geographic name entry element: الجنسية المزدوجة-التشريع الاردني

670 ## - SOURCE DATA FOUND

  • Source citation: Work cat.: (JO-AjAnu)31231: اعداد بني عايش، شادي تيسير احمد ؛ إشراف محمد بني مقداد, author 61232, الحقوق السياسية لمزدوجي الجنسية في الدستور والتشريع الأردني = Political Rights of Dual Nationals in Jordanian Constitution and Legislation